000 01103nam0a22002771 4500
001 rc\3959968
005 20260406110436.0
021 _aRU
_b[56-13376]
035 _a(NLR Aleph) 008049508
090 _a8932558
_c8932558
100 _a20130415d1956 |||y0rusy50 ca
101 1 _arus
_cger
102 _aRU
105 _ay z |||c|
200 1 _a12 лет борьбы против фашизма и войны
_eОчерки по истории Ком. партии Германии в период с 1933 по 1945 год
_fПер. с нем. Н.С. Португалова
210 _aМосква
_cИзд-во иностр. лит.
_d1956
215 _a256 с.
_d21
601 0 2 _aКоммунистическая партия Германии
_xИстория
_z1933-1945
_2psbo
700 1 _aВинцер
_bО.
_gОтто
702 1 _aПортугалов
_bН.С.
_4730
712 0 2 _aКоммунистическая партия Германии
_3RU\NLR\AUTH\885612
_9282923
801 0 _aRU
_bNLR
_gpsbo
801 1 _aRU
_bELAR
_2rusmarc
852 _aNLR
_jИ54 Г-3/46
942 _cBOOK
980 _aNB